25 Most Famous Cities in Kenya on a Map - Statistics

General Stats
  • This quiz has been taken 131 times
  • The average score is 8 of 25
Answers on the Map
Answers color-coded by a green-red scale on the quiz's map according to % correct below.
 
Answer Stats
Wiki Monthly Views Cityquiz Mention Rate Population Answers % Correct
125.54K 53.64% 4397.07K Nairobi
100%
46.41K 25.04% 1208.33K Mombasa
95%
7.30K 1.86% 475.72K Eldoret
51%
7.00K 3.27% 397.96K Kisumu
50%
5.17K 2.72% 570.67K Nakuru
46%
7.36K 1.84% 119.86K Malindi
36%
2.36K 0.75% 163.40K Garissa
32%
6.02K 0.63% 25.39K Lamu
32%
1.78K 0.56% 80.19K Meru
28%
1.44K 0.18% 74.27K Kilifi
26%
2.33K 0.20% 112.42K Kisii
26%
2.32K 0.25% 198.44K Naivasha
26%
2.17K 0.36% 107.23K Kakamega
24%
2.25K 0.41% 53.35K Voi
24%
2.10K 0.27% 63.77K Machakos
21%
3.44K 0.45% 80.08K Nyeri
21%
1.71K 0.10% 53.80K Kericho
20%
1.88K 0.21% 47.85K Moyale
20%
1.74K 0.46% 162.17K Kitale
18%
2.40K 0.60% 251.41K Thika
17%
1.57K 0.06% 27.86K Watamu
17%
2.49K 0.15% 72.81K Nanyuki
16%
2.17K - 12.63K Iten
14%
2.51K 0.15% 22.98K Kakuma
14%
4.61K - 302.81K Dadaab
13%
No matching quizzes found
Score Distribution
Percent of People with Each Score
Percentile by Number Answered
Your Score History
You have not taken this quiz